书目信息 |
| 题名: |
经济文书写作
|
|
| 作者: | 张蓉 编著 | |
| 分册: | ||
| 出版信息: | 北京 电子工业出版社 2021.1 |
|
| 页数: | 234页 | |
| 开本: | 24cm | |
| 丛书名: | ||
| 单 册: | ||
| 中图分类: | F | |
| 科图分类: | ||
| 主题词: | 经济--jing ji--应用文--写作 | |
| 电子资源: | ||
| ISBN: | 978-7-121-39993-0 | |
| 000 | 01227nam0 2200253 450 | |
| 001 | 2159550551 | |
| 005 | 20211012164941.50 | |
| 010 | @a978-7-121-39993-0@dCNY49.80 | |
| 100 | @a20201221d2021 em y0chiy50 ea | |
| 101 | 0 | @achi |
| 102 | @aCN@b110000 | |
| 105 | @ay z 000yy | |
| 106 | @ar | |
| 200 | 1 | @a经济文书写作@Ajing ji wen shu xie zuo@f张蓉编著 |
| 210 | @a北京@c电子工业出版社@d2021.1 | |
| 215 | @a234页@d24cm | |
| 300 | @aPHEI 美迪出版 | |
| 314 | @a张蓉,西安财经大学讲师,研究经济文书写作近10年,具有丰富的公文写作实践经验,擅长归纳总结,将各类经济文书的精华进行浓缩。她还先后在国内多个写作平台及期刊发表多篇文章,深受读者喜爱。 | |
| 330 | @a经济文书是经济活动中必不可少的重要工具之一,是联络公务、交流情况、传递信息的桥梁和纽带,是联系与解决经济事务或经济纠纷的重要依据之一。本书共介绍了8类经济文书,包括企业管理类、调研分析类、契约类、审计类、招标投标类、税务金融类、经济纠纷类、宣传类等。书中对59个经济文书的格式写法及写作注意事项做了详细说明,并提供了相关的范文模板以供参考,种类齐全,方便实用,内容新颖,通俗易懂,是从事经济工作的人员必备的工具书。 | |
| 606 | 0 | @a经济@Ajing ji@x应用文@x写作 |
| 690 | @aF@v5 | |
| 701 | 0 | @a张蓉@Azhang rong@4编著 |
| 801 | 0 | @aCN@b百万庄@c20211009 |
| 905 | @b1308668-671@dF@e58@f4 | |
| 经济文书写作/张蓉编著.-北京:电子工业出版社,2021.1 |
| 234页;24cm |
| PHEI 美迪出版 |
| ISBN 978-7-121-39993-0:CNY49.80 |
| 经济文书是经济活动中必不可少的重要工具之一,是联络公务、交流情况、传递信息的桥梁和纽带,是联系与解决经济事务或经济纠纷的重要依据之一。本书共介绍了8类经济文书,包括企业管理类、调研分析类、契约类、审计类、招标投标类、税务金融类、经济纠纷类、宣传类等。书中对59个经济文书的格式写法及写作注意事项做了详细说明,并提供了相关的范文模板以供参考,种类齐全,方便实用,内容新颖,通俗易懂,是从事经济工作的人员必备的工具书。 |
| ● |
| 相关链接 |
|
|
|
|
正题名:经济文书写作
索取号:F/58
 
预约/预借
| 序号 | 登录号 | 条形码 | 馆藏地/架位号 | 状态 | 备注 |
| 1 | 1308668 | 213086685 | 第一样本阅览室/ [索取号:F/58] | 在馆 | |
| 2 | 1308669 | 213086694 | 第一借阅区/ [索取号:F/58] | 在馆 | |
| 3 | 1308670 | 213086701 | 第一借阅区/ [索取号:F/58] | 在馆 | |
| 4 | 1308671 | 213086710 | 第一借阅区/ [索取号:F/58] | 在馆 |